000 00633nam a2200241 a 4500
003 AR-BaBNM
005 20251128202839.0
008 082120s2002 ||||||||||||||000 | spa||
040 _cAR-BaBNM
245 0 0 _aLetras argentinas en las Antillas
_n2
260 _aCiudad Trujillo
_bLabor Diplomática
_c1957
300 _ap. 93-295
500 _aContiene índice alfabético al final de la obra
650 4 _aLITERATURA ARGENTINA
650 4 _aANTOLOGIAS
650 4 _aESCRITORES
650 4 _aPOESIA
651 4 _aAntillas
655 _aLITERATURA
700 1 _aLoudet, Enrique
_ecompilador
942 _cBK
998 _cMARTIN
999 _c862
_d862